[Event "8th RTU Open 2018"]
[Site "Riga"]
[Date "2018.08.07"]
[Round "2"]
[White "Volotovsky, Kirill"]
[Black "Schekachikhin, Maksim"]
[Result "1/2-1/2"]
[WhiteElo "2228"]
[BlackElo "2392"]
[Annotator "TA"]
[PlyCount "92"]
[EventDate "2018.08.06"]
[EventType "swiss"]
[EventCountry "LAT"]
[SourceTitle "playchess.com"]
[Source "ChessBase"]
[SourceQuality "1"]

{[%evp 20,92,18,15,20,13,40,-23,-9,-30,-29,-18,-4,-45,0,5,214,205,160,168,155,65,59,58,138,144,132,131,149,143,122,97,133,121,138,135,130,97,150,157,215,215,275,233,241,234,224,213,288,290,302,300,287,280,277,261,269,249,245,209,212,121,114,74,74,29,101,0,91,87,83,0,91,0,87]} 1. e4 c6 2. d4 d5 3. e5 Bf5 4. h4 h5 5. Bd3 Bxd3 6. Qxd3 e6 7. Bg5 {B12: Caro-Kann (Vorstoß-Variante)} Qb6 (7... Be7 8. Nf3 Nh6 9. Nc3 Nd7 10. Ne2 c5 11. Nf4 cxd4 12. Nxh5 Qa5+ 13. Bd2 Qb6 14. Nxg7+ Kf8 {0-1 (41) Saric,I (2664)-Le,Q (2737) chess.com INT 2018}) 8. Nd2 Qa6 9. c4 Bb4 10. b3 Ne7 11. Ngf3 {LiveBook: 7 Partien} Nf5 12. O-O Nd7 13. a4 $146 (13. Rfd1 $14) ({Vorgänger:} 13. Rfc1 O-O 14. a3 Bxd2 15. Qxd2 {½-½ (42) Cornette,M (2600)-Feller,S (2574) Brest 2018}) 13... O-O 14. a5 c5 {Und ...cxd4 würde nun gewinnen.} 15. Ra4 $1 Rac8 16. Rd1 Bxa5 17. Qb1 dxc4 $2 (17... Qb6 $1 $11) 18. Nxc4 $18 b6 19. d5 {Droht dxe6 und aus.} Qb7 20. Nxa5 (20. Be3 $16) 20... bxa5 $14 21. Rxa5 Rb8 (21... Rc7 $14) 22. dxe6 $1 $16 fxe6 23. Qa2 Nb6 24. Rxa7 Qe4 25. Rc7 Ra8 26. Qd2 Rfc8 27. Rxc8+ Rxc8 28. Rc1 Nd5 ({Besser ist} 28... Qd5) 29. Qa5 {zielt auf Da6 ab.} Qb4 {[#]} (29... Nd4 $16) 30. Qa6 $1 $18 {[%cal Ra6e6]} Nb6 31. Qd3 Nd5 {[#]} 32. Bd2 $1 {[%cal Rd2b4]} Qb7 33. Qc4 Nfe7 34. Ng5 Qd7 35. Qe2 g6 36. Ne4 Qa7 37. Qb5 Nf5 {[%cal Be7f5,Bf5d4,Bd4b3][%mdl 32]} 38. Bg5 ({Viel schwächer ist} 38. Rxc5 Rxc5 39. Nxc5 (39. Qxc5 Qa1+ 40. Qc1 Qxc1+ 41. Bxc1 Nxh4 $16) 39... Qa1+ 40. Kh2 Qxe5+ 41. f4 Qf6 $16) 38... Nd4 39. Qc4 Qa2 40. Kf1 (40. Kh2 $18) 40... Qxb3 $16 41. Qxb3 ({Minderwertig wäre} 41. Nxc5 Qxc4+ 42. Rxc4 Nb3 $17) 41... Nxb3 42. Rc4 Rb8 (42... Nb6 $11 {bleibt in der Remisbreite.} 43. Rc3 c4) 43. g3 ({Schwächer ist} 43. Nxc5 Rc8 $17) ({Lieber} 43. Ra4 $16) 43... Nb6 (43... Rb4 $11 {hält das Gleichgewicht.} 44. Nd6 Rxc4 45. Nxc4 Nd4) 44. Rc3 Nd5 45. Rc4 Nb6 46. Rc3 Nd5 {Precision: Weiß = 48%, Schwarz = 37%.} 1/2-1/2

[Event "8th RTU Open 2018"]
[Site "Riga"]
[Date "2018.08.07"]
[Round "2"]
[White "Kholopov, Alexander A"]
[Black "Akesson, Ralf"]
[Result "0-1"]
[WhiteElo "2220"]
[BlackElo "2389"]
[Annotator "TA"]
[PlyCount "60"]
[EventDate "2018.08.06"]
[EventType "swiss"]
[EventCountry "LAT"]
[SourceTitle "playchess.com"]
[Source "ChessBase"]
[SourceQuality "1"]

{[%evp 20,60,10,-2,36,39,43,27,34,25,33,28,23,32,29,0,2,0,1,1,15,25,15,0,0,-17,-89,-59,-59,-146,-108,-131,-6,-175,-64,-367,-349,-915,-892,-29997,-29998,-29998,-29999]} 1. d4 Nf6 2. c4 g6 3. Nc3 d5 4. Qa4+ Bd7 5. Qb3 dxc4 6. Qxc4 Bg7 7. e4 O-O 8. Nf3 Bg4 9. Ne5 Be6 {D98: Grünfeld: Russian System: 7 e4 Bg4} 10. d5 Bc8 11. Be2 {LiveBook: 8 Games} Nbd7 $146 {The position is equal.} (11... e6 {is more complex.} 12. Bf4 exd5 13. exd5 Ne8 14. O-O Nd6) ({Predecessor:} 11... e6 12. O-O exd5 13. exd5 Ne8 14. Bf4 Nd6 15. Qd3 Re8 16. Nc4 Na6 17. Nxd6 cxd6 {½-½ (72) Kantsler,B (2524)-Ivanchuk,V (2731) Panormo 2001}) 12. Nxd7 Nxd7 13. O-O Nb6 14. Qb3 e6 15. Rd1 exd5 16. exd5 Re8 {[#] Threatens to win with ...Bxc3.} 17. Bf1 Bg4 18. f3 Bf5 19. Bf4 Be5 20. Bxe5 Rxe5 21. Rac1 {[%cal Ba1c1,Bc1c7,Bc7b7][%mdl 32]} Qg5 $36 {[%mdl 2048] Black is more active.} 22. Nb5 Rxd5 23. Rxc7 Be6 {...Rd2 is the strong threat.} 24. Rxd5 (24. Re1 $1 $15) 24... Nxd5 $17 25. Rxb7 {[#]} Ne3 (25... Nf4 $1 $17 26. Qc3 Nh3+ 27. Kh1 Nf2+ 28. Kg1 Nh3+ 29. Kh1 Nf2+ 30. Kg1 Nh3+) 26. Qb4 $2 (26. h4 $1 $11 Qf4 27. Qd3) 26... Nxg2 ({Better is} 26... Nxf1 $19 27. Kxf1 Rc8) 27. Kf2 $2 {[%mdl 8192]} ({White has to play} 27. Qe7 $15 Qd2 28. Qd6) 27... Ne3 28. Nd4 $2 (28. Nd6 Rd8 29. Rb8) 28... Rd8 $19 {Strongly threatening ...Nd1+.} (28... Bd5 29. Rb8+ Rxb8 30. Qxb8+ Kg7 31. Be2 $17) 29. Nxe6 Nd1+ ({Not} 29... fxe6 30. Be2 $11) 30. Ke1 Qe3+ {Precision: White = 26%, Black = 55%.} 0-1

[Event "8th RTU Open 2018"]
[Site "Riga"]
[Date "2018.08.07"]
[Round "2"]
[White "Chibukhchyan, Erik"]
[Black "Hansen, Mads"]
[Result "1/2-1/2"]
[WhiteElo "2214"]
[BlackElo "2387"]
[Annotator "TA"]
[PlyCount "86"]
[EventDate "2018.08.06"]
[EventType "swiss"]
[EventCountry "LAT"]
[SourceTitle "playchess.com"]
[Source "ChessBase"]
[SourceQuality "1"]

{[%evp 13,86,0,3,-14,-16,-25,-16,-25,-25,-26,-17,-26,17,10,11,14,15,12,24,24,43,35,57,17,59,43,84,75,111,109,95,31,32,31,35,0,0,-33,-16,-17,26,16,84,21,17,-48,-37,-48,-35,-57,-56,-50,-47,-45,-41,-69,0,0,-1,-90,-101,-1256,-393,-395,-378,-360,-93,-90,0,0,0,-88,0,0,0]} 1. Nf3 Nf6 2. e3 d5 3. b3 Bf5 4. Bb2 h6 5. c4 e6 6. Be2 {A06: Réti Opening:1 Nf3 d5} (6. Nc3 c6 7. Be2 Be7 8. O-O O-O 9. d3 Bh7 10. Qc2 a5 11. Rad1 Na6 12. a3 {½-½ (45) Vachier Lagrave,M (2793)-Aronian,L (2797) Caleta 2018}) 6... Bd6 7. O-O O-O {LiveBook: 5 Games} 8. cxd5 exd5 9. d3 $146 ({Predecessor:} 9. Nc3 c6 10. d3 Re8 11. Re1 Bh7 12. a3 Nbd7 13. Bf1 a5 {1-0 (38) Aravindh,C (2496)-Dragnev,V (2151) Durban 2014}) 9... Nbd7 10. Nbd2 {[%cal Bb1d2,Bd2f3,Bf3d4][%mdl 32]} Re8 11. Re1 a5 12. a3 Ne5 (12... c6 {looks sharper.} 13. Nd4 Bg6 14. h3 Nh7 15. Qc2 Ng5) 13. Nxe5 Bxe5 14. Bxe5 Rxe5 15. Nf3 Re7 16. b4 {[%cal Bb3b4,Bb4b5][%mdl 32]} Qd6 17. Nd4 Bd7 18. Qb3 h5 19. Qc3 h4 20. Rec1 Ne8 21. b5 Qg6 22. a4 ({White should play} 22. Bf3 $16) 22... Bh3 $1 $14 {[%csl Gh3][%cal Rg6g2]} 23. g3 $1 Nf6 24. Qd2 (24. Bf3 {seems wilder.} Rae8 25. Qxa5 hxg3 26. hxg3 Rxe3 27. Qxc7 Rxd3 28. Qf4) 24... Rae8 25. Bf1 (25. Qxa5 hxg3 26. hxg3 Rxe3 $1 $19 {[%mdl 512]}) 25... Bxf1 26. Rxf1 Ng4 {aiming for ...hxg3.} 27. Nf3 Qh5 (27... hxg3 $11 {keeps the balance.} 28. hxg3 Re6) 28. Kg2 (28. gxh4 $2 Ne5 $17) (28. Nxh4 $16 Re6 29. h3 (29. Qxa5 g5 $15)) 28... Re6 29. h3 (29. gxh4 $2 Rf6 $19) ({Better is} 29. Nxh4 $11 g5 30. Nf3) 29... Ne5 $1 $15 30. Nxe5 Qxe5 31. Rae1 Rg6 $36 {[%cal Rh4g3][%mdl 2048] Black has some pressure.} 32. g4 f5 33. f4 Qd6 34. Qd1 Rge6 ({Black should try} 34... Qd7 $15 35. g5 Rge6) 35. Qf3 $11 Qc5 {[%cal Re6e3]} 36. Rc1 (36. d4 $1 $11 fxg4 37. hxg4) 36... Qxe3 $17 37. Rxc7 $2 {[%mdl 8192]} (37. Qxe3 $17 Rxe3 38. Rf3) 37... Qd4 $2 (37... Qd2+ 38. Kg1 Re3) 38. gxf5 $19 Re3 $1 {[%cal Re3f3]} 39. f6 {[#]} Qxf6 $2 (39... Kf8 $1 $19 {and Black stays clearly on top.} 40. f7 (40. fxg7+ $2 Kg8 $19) 40... R8e6 41. Rc8+ Kxf7) 40. Qxd5+ $17 Kh7 41. Qh5+ Kg8 42. Qd5+ {[#]} Kh7 (42... R8e6 $1 $17 {( -> ...Qb2+)} 43. Rc8+ Kf7 44. Rc7+ (44. Qxb7+ Kg6 $17) 44... Kg6) 43. Qh5+ $11 Kg8 {Precision: White = 41%, Black = 47%.} 1/2-1/2

[Event "8th RTU Open 2018"]
[Site "Riga"]
[Date "2018.08.07"]
[Round "2"]
[White "Nilssen, Ellen Fredericia"]
[Black "Rostgaard, Tobias Valentin"]
[Result "1/2-1/2"]
[WhiteElo "2060"]
[BlackElo "2386"]
[Annotator "NA"]
[PlyCount "86"]
[EventDate "2018.08.06"]
[EventType "swiss"]
[EventCountry "LAT"]
[SourceTitle "playchess.com"]
[Source "ChessBase"]
[SourceQuality "1"]
[TimeControl "5400+30"]

1. Nf3 {[%emt 0:00:00]} Nf6 {[%emt 0:00:21]} 2. c4 {[%emt 0:00:01]} e6 {[%emt 0:00:15]} 3. g3 {[%emt 0:00:15]} d5 {[%emt 0:00:25]} 4. d4 {[%emt 0:00:17]} Bb4+ {[%emt 0:00:24]} 5. Bd2 {[%emt 0:02:45] E01: Catalan: Early deviations} Bd6 {[%emt 0:03:32]} (5... Be7 6. Bg2 O-O 7. O-O Nbd7 8. b4 c6 9. a4 Bd6 10. Qc2 e5 11. cxd5 cxd5 12. dxe5 Nxe5 13. Bc3 Re8 14. Nbd2 Nxf3+ 15. Bxf3 Bh3 {½-½ (58) So,W (2778)-Karjakin,S (2782) Stavanger 2018}) 6. Bg2 {[%emt 0:03:50]} c6 {[%emt 0:00:26]} 7. Qc2 {[%emt 0:03:31]} Ne4 {[%emt 0:03:08]} 8. O-O {[%emt 0:04:01]} O-O {[%emt 0:01:05]} 9. b3 {[%emt 0:05:49]} Nd7 {[%emt 0:02:52]} 10. Bc3 {[%emt 0:01:56]} f5 {[%emt 0:01:45]} 11. Bb2 {[%emt 0:02:01]} Qf6 $146 {[%emt 0:01:48]} ({Predecessor:} 11... b6 12. Nbd2 Bb7 13. Ne5 Nxe5 14. dxe5 Bc5 15. Rad1 Qe7 {0-1 (48) Denishev,M (2333)-Sarana,A (2464) Moscow 2017}) 12. Nbd2 {[%emt 0:02:35]} Qh6 {[%emt 0:03:47]} 13. Rad1 {[%emt 0:15:25]} Ndf6 {[%emt 0:02:22]} 14. Ne5 {[%emt 0:02:02]} Bd7 {[%emt 0:16:21]} 15. Bc1 {[%emt 0:05:16]} Qh5 {[%emt 0:00:23]} 16. Bf3 {[%emt 0:04:34]} Qe8 {[%emt 0:00:09]} 17. Nxe4 {[%emt 0:01:51]} fxe4 {[%emt 0:02:05]} 18. Bg2 {[%emt 0:00:07]} Bxe5 {[%emt 0:05:57]} 19. dxe5 {[%emt 0:00:08]} Ng4 {[%emt 0:00:09]} 20. Bf4 {[%emt 0:04:26]} Qh5 $16 {[%emt 0:16:40]} (20... Qg6 $142) 21. h3 {[%emt 0:01:30]} Nxe5 {[%emt 0:00:38]} 22. g4 {[%emt 0:00:43]} Nxg4 {[%emt 0:00:06]} 23. hxg4 {[%emt 0:00:03]} Qxg4 {[%emt 0:00:08]} 24. Bd6 {[%emt 0:04:43]} Rf5 {[%emt 0:03:43]} 25. f3 {[%emt 0:00:56]} Qg5 {[%emt 0:08:12]} 26. Qc1 {[%emt 0:05:31]} Qg6 {[%emt 0:05:42]} 27. fxe4 {[%emt 0:01:41]} Rg5 {[%emt 0:00:55]} 28. Rf2 {[%emt 0:00:31]} e5 {[%emt 0:00:34]} 29. Be7 {[%emt 0:03:40]} Rg3 {[%emt 0:00:33]} 30. Rd3 {[%emt 0:01:19]} Re8 {[%emt 0:02:25]} 31. Qf1 {[%emt 0:03:45]} h6 {[%emt 0:04:42]} 32. Rf8+ {[%emt 0:01:07]} Rxf8 {[%emt 0:02:10]} 33. Qxf8+ {[%emt 0:00:10]} Kh7 {[%emt 0:00:04]} 34. Rxg3 {[%emt 0:00:55]} Qxg3 {[%emt 0:00:05]} 35. Qf2 {[%emt 0:00:10]} Qxf2+ {[%emt 0:01:06]} 36. Kxf2 {[%emt 0:00:08]} dxc4 {[%emt 0:00:05]} 37. bxc4 {[%emt 0:00:54]} Kg6 {[%emt 0:02:40]} 38. Kg3 {[%emt 0:03:02]} Be6 {[%emt 0:00:47]} 39. c5 {[%emt 0:04:49]} Bxa2 {[%emt 0:00:06]} 40. Bd8 {[%emt 0:00:40]} Be6 {[%emt 0:04:43]} 41. Bf3 {[%emt 0:04:21]} Kf7 {[%emt 0:03:21]} 42. Bc7 {[%emt 0:01:01]} Kf6 {[%emt 0:01:51]} 43. Bd8+ {[%emt 0:00:08]} Kf7 1/2-1/2

[Event "8th RTU Open 2018"]
[Site "Riga"]
[Date "2018.08.07"]
[Round "2"]
[White "Gokcek, Kursat Bugra"]
[Black "Saveliev, Alexei"]
[Result "0-1"]
[WhiteElo "1989"]
[BlackElo "2382"]
[Annotator "TA"]
[PlyCount "92"]
[EventDate "2018.08.06"]
[EventType "swiss"]
[EventCountry "LAT"]
[SourceTitle "playchess.com"]
[Source "ChessBase"]
[SourceQuality "1"]

{[%evp 18,92,61,64,107,107,116,110,109,57,70,0,27,20,19,0,0,0,44,45,38,0,62,32,28,16,40,0,0,0,0,12,25,10,10,8,35,27,56,-122,-126,-140,54,-45,-28,-173,-159,-189,-189,-237,-231,-243,-251,-437,-268,-698,-698,-1052,-480,-485,-485,-485,-475,-460,-453,-481,-449,-829,-822,-791,-762,-954,-954,-4133,-1572,-29987,-29988]} 1. e4 c5 2. Nf3 e6 3. d4 cxd4 4. Nxd4 a6 5. Bd3 Nf6 6. Qe2 d6 7. c4 Be7 8. O-O Qc7 9. Nc3 b6 {B42: Sicilian: Kan Variation: 5 Bd3} 10. f4 {LiveBook: 12 Games} h5 $146 ({Predecessor:} 10... Nbd7 11. Kh1 O-O 12. Bd2 Bb7 13. Rae1 Rfd8 14. b4 Rac8 15. a3 Bf8 16. Rc1 g6 17. f5 Re8 18. fxe6 fxe6 19. e5 dxe5 {0-1 (34) Sethuraman,S (2576)-Yu,Y (2667) Sharjah 2014}) 11. f5 Ng4 {White is better.} 12. fxe6 fxe6 13. Nf3 (13. e5 $16 {Hoping for Bg6+.} Qc5 14. Qe4) 13... Nd7 14. Bf4 (14. h3 $14) 14... g5 15. Bd2 {[%cal Bf4d2,Bd2e3,Be3d4][%mdl 32]} Nde5 16. Rae1 (16. Bxg5 Bxg5 17. Nxg5 Qc5+ 18. Kh1 Nxd3 $17) 16... Bd7 17. Kh1 (17. Bxg5 $2 Bxg5 18. Nxg5 Nxd3 $17) 17... Nxf3 18. gxf3 ({Of course not} 18. Rxf3 Ne5 $11) 18... Ne5 19. Be3 Bf6 (19... Rg8 $11) 20. Bd4 O-O-O 21. b4 Rhf8 22. a4 (22. Rd1 $5 {[%cal Rc4c5]}) 22... g4 23. f4 $1 {[%cal Rf4e5]} Nf3 24. Bxf6 Rxf6 25. Rc1 Kb8 ({Don't go for} 25... Rxf4 $2 26. Nd5 $1 $18 {[%mdl 512]}) 26. Qe3 Bc8 27. a5 bxa5 28. bxa5 $2 {[#]} (28. Rb1 $1 $14 {was the only good move.}) 28... Qc5 $1 $36 {[%cal Rc5e3][%mdl 2048] Black is in control.} 29. Rb1+ {[#]} Ka7 $2 ({Black should try} 29... Bb7 $1 $17 30. Qc1 Rf7) 30. Qc1 (30. Qe2 $1 $14 Rxf4 31. Na4 (31. Qb2 Qc7 $14)) 30... Rf7 $15 31. Na4 (31. Be2 $11 {and White stays safe.}) 31... Qd4 $19 32. Qc2 Bb7 33. Nc3 Rc8 34. Rfd1 Qe3 35. Rb6 $2 (35. Qc1 Qxc1 36. Rdxc1) 35... h4 36. Rxd6 $2 (36. Qc1 Qxc1 37. Rxc1) 36... g3 {aiming for ...Ne1.} 37. Qb2 Nxh2 (37... Kb8 $142 38. Rb1 Nd2) 38. Qb6+ Qxb6 39. axb6+ Kb8 40. Be2 Rxf4 41. Rxe6 Rf2 42. c5 (42. Red6 $142 Bxe4+ 43. Nxe4 Rxe2 44. Ng5) 42... Nf3 43. Bxf3 Rxf3 44. Nd5 h3 45. Rh6 g2+ 46. Kh2 Rf1 {Precision: White = 25%, Black = 52%.} 0-1